00343pab a2200121 454500008004000000100001800040245007000058260000900128300001100137362001600148650002200164773003500186180718b1987 xxu||||| |||| 00| 0 eng d aClancy, Peter aWorking on the railwaybA case study in capital - state relations c1987 a450-71 aFall/Autumn aRailways - Canada aCanadian public Administration